000 02934nam a22002417a 4500
003 OSt
005 20220303112120.0
008 180417b xxu||||| |||| 00| 0 eng d
010 _a2008925741
020 _a9780495810209
040 _cLDC
050 _aHA32.K561
100 _aKirkpatrick, Lee A.
245 _aA simple guide to SPSS'' : for version 16.0. /
_cLee A. Kirkpatrick and Brooke C. Feeney.
250 _aInternational Edition
260 _aToronto :
_bWadsworth,
_c2009.
300 _ax, 115p. :
_b ill. ;
_c25cm.
500 _aIncludes appendix.
505 _aContent: 1. How to use SPSS for windows: Introduction to SPSS for windows -- Entering data and naming variables -- Specifying analyses using the point-and click method -- Specifying analyses using the syntax method -- Viewing and manipulating output -- 2. Procedures: Frequency distribution and descriptive statistics -- One-sample t-Test -- Independence-sample t- test -- dependable- sample (Matched-pairs, paired samples) t-Test -- One-way between-Groups (Independent groups) ANOVA --Two-way between-Groups (Independent groups) ANOVA -- One-way within-subjects (repeated measures) ANOVA -- Two-way mixed (Between-within) ANOVA -- Correlations -- Simple regression -- Multiple regression -- Chi-square test of independence --
521 _aContents : Part 1: How to use SPSS for windows: 1. Introduction of SPSS for windows -- A quick tour of the screen -- Using SPSS for windows overview -- 2. Entering data and naming variables -- Enter the data -- Naming the variables -- 3. Specifying analyses using the point-and-click method -- 4.Specifying analyses using the syntax method -- Executing ("running") the analysis -- Some general notes on SPSS commands -- Errors -- 5. Viewing and manipulating output -- Viewing output -- Editing output -- Printing output -- Saving output -- Exiting SPSS for windows -- Part 2: Procedures -- 6.Frequency distributions and descriptive statistics --Sample problem -- Analysis -- Output -- 7.One-sample t-test -- Sample problem -- Analysis -- Output -- 8. Independent-samples t-test -- Sample problem -- Analysis -- Output -- 9. Dependent-samples (matched-paris, paired samples) -- Sample problem -- Analysis -- Output -- 10.One-way between-groups (independent groups) ANOVA -- Sample problem -- Analysis -- Output -- 11.Two-way between-groups (independent groups) ANOVA -- Sample problem -- Analysis -- Output -- 12. One-way within-subjects (repeated measures) ANOVA -- Sample problem -- Analysis -- Output -- 13.Two-way mixed (between-within) ANOVA -- Sample problem -- Analysis -- Output -- 14. Correlations -- Sample problem -- Analysis -- Output -- 15. Simple regression -- Sample problem -- Analysis -- Output -- 16. Multiple regression -- Sample problem -- Analysis -- Output -- 17.Chi-square test of independence --.Sample problem -- Analysis -- Output.
700 _aFeeney, Brook C.
942 _2lcc
_cBK
999 _c8871
_d16371